Visualizzazione normale
Vista MARC
- CANZONE ITALIAN [COMPACT DISC]
di Topical Term
Records bibliografici associati: 52
001 - CONTROL NUMBER
- control field: 21937
003 - CONTROL NUMBER IDENTIFIER
- control field: IT-RoPau
005 - DATE AND TIME OF LATEST TRANSACTION
- control field: 20140424125025.0
008 - FIXED-LENGTH DATA ELEMENTS
- fixed length control field: 140424|| aca||aabn | a|a d
040 ## - CATALOGING SOURCE
- Original cataloging agency: IT-RoPau
- Transcribing agency: IT-RoPau
150 ## - HEADING--TOPICAL TERM
- Topical term or geographic name entry element: CANZONE ITALIAN [COMPACT DISC]
- : Codice MATERIA SPICS: 9949
670 ## - SOURCE DATA FOUND
- Source citation: Work cat.: (IT-RoPau)101823: Milva (Biolcati Maria Ilva) 21934, Tra due sogni